| 000 | 01270nam a2200265 a 4500 | ||
|---|---|---|---|
| 001 | 000034290 | ||
| 005 | 20250701135406.0 | ||
| 008 | 090630s1995 dr ad 000 0 spa d | ||
| 082 |
_a658.401 _bM433e, 1995 |
||
| 100 | 1 |
_aMatos Matos, Milcíades Ml. _96639 |
|
| 245 | 1 | 0 |
_aEstudios de factibilidad : _bcomo preparar y evaluar proyectos de desarrollo económico / _cMilcíades Ml. Matos Matos. |
| 246 | 1 | 4 | _aComo preparar y evaluar estudios de factibilidad |
| 250 | _a5a ed. amp y renovada | ||
| 260 |
_aSanto Domingo : _b[s.n.], _c1995 _fAmigo del Hogar |
||
| 300 |
_a303 p. : _bil., diagrs. ; _c23 cm. |
||
| 500 | _aIncluye índice | ||
| 504 | _aIncluye referencias bibliográficas y notas al pie de las páginas | ||
| 505 | 2 | _aAspectos generales -- La empresa y/o el proyecto -- Análisis del mercado interno y del mercado externo -- Aspectos tecnológicos -- Aspecto económico-financiero: determinación de ingresos, costos y gastos -- Evaluación general -- Anexo -- Caso práctico. | |
| 650 | 4 |
_aEstudios de factibilidad _96640 |
|
| 650 | 4 |
_aPlanificación económica _96641 |
|
| 650 | 4 |
_aEvaluación de proyectos _xAspectos económicos _96642 |
|
| 650 | 0 |
_aProyectos de desarrollo económico _96643 |
|
| 650 | 0 |
_aMercadotecnia _96644 |
|
| 999 |
_c33781 _d33781 |
||
| 040 | _aDO-SdBNP | ||